000 01023cam a2200313 a 4500
001 4402447
005 20200421093825.0
008 100511s2010 njua b 001 0 eng
010 _a 2010018961
020 _a9780672329463 (pbk. : alk. paper)
020 _a0672329468 (pbk. : alk. paper)
035 _a(OCoLC)ocn268788260
035 _a(OCoLC)268788260
040 _aDLC
_cDLC
_dYDX
_dBTCTA
_dYDXCP
_dNLE
049 _aNLES
050 0 0 _aQA76.76.O63
_bL674 2010
082 0 0 _a005.4/32
_222
100 1 _aLove, Robert.
_91547
245 1 0 _aLinux kernel development /
_cRobert Love.
250 _a3rd ed.
260 _aUpper Saddle River, N.J. ;
_aLondon :
_bAddison-Wesley,
_cc2010.
300 _axx, 440 p. :
_bill. ;
_c23 cm.
490 1 _aDeveloper's library : essential references for programming professionals
504 _aIncludes bibliographical references and index.
630 0 0 _aLinux.
_9204
650 0 _aOperating systems (Computers)
_9248
830 0 _aDeveloper's library.
_9944
942 _2ddc
_cBK
999 _c279
_d279